Normal view
MARC view
- Iqbal, Howaiz
Entry Personal Name
001 - CONTROL NUMBER
- control field: 126115
003 - CONTROL NUMBER IDENTIFIER
- control field: NUST
005 - DATE AND TIME OF LATEST TRANSACTION
- control field: 20240926130638.0
008 - FIXED-LENGTH DATA ELEMENTS
- fixed length control field: 240926|| aca||aabn | a|a d
040 ## - CATALOGING SOURCE
- Original cataloging agency: NUST
- Transcribing agency: NUST
100 ## - HEADING--PERSONAL NAME
- Personal name: Iqbal, Howaiz
670 ## - SOURCE DATA FOUND
- Source citation: Work cat.: (NUST): Iqbal, Howaiz , A Transparent MIMO Antenna For Modern 5G/IOT Communication Devices /, 2024
